[Event "First Saturday Tournament Budapest"]
[Site "Budapest"]
[Date "2011.05.17"]
[Round "10.4"]
[White "Kantor, Reka"]
[Black "Havaskori, Laszlo"]
[Result "1-0"]
[WhiteElo "1947"]
[BlackElo "2084"]
[PlyCount "61"]
[EventDate "2010.05.07"]

1. e4 e6 2. d4 d5 3. e5 c5 4. c3 Nc6 5. a3 Qc7 6. Nf3 Nge7 7. b4 b6 8. Bd3 Bd7
9. O-O a5 10. b5 Nd8 11. a4 c4 12. Bc2 Ng6 13. h4 f5 14. h5 Ne7 15. Ba3 Nf7 16.
Re1 g5 17. Qe2 Qc8 18. Nbd2 g4 19. Nh4 Ng5 20. f4 Ne4 21. Bxe4 dxe4 22. g3 Nd5
23. Rec1 Bxa3 24. Rxa3 O-O 25. Nxc4 Qe8 26. Nd6 Qxh5 27. Qh2 Qh6 28. Ng2 Qxh2+
29. Kxh2 Rfc8 30. Nxc8 Rxc8 31. c4 1-0

[Event "First Saturday Tournament Budapest"]
[Site "Budapest"]
[Date "2011.05.17"]
[Round "10.5"]
[White "Chen, Yang"]
[Black "Darazs, Zoltan"]
[Result "1/2-1/2"]
[WhiteElo "2081"]
[BlackElo "2203"]
[PlyCount "35"]
[EventDate "2010.05.07"]

1. e4 c5 2. Nf3 Nc6 3. d4 cxd4 4. Nxd4 Nf6 5. Nc3 e5 6. Ndb5 d6 7. a4 Be7 8.
Bg5 a6 9. Na3 h6 10. Bxf6 Bxf6 11. Nd5 Be6 12. Nc4 Nd4 13. Ndb6 Bxc4 14. Nxc4
d5 15. exd5 Qxd5 16. c3 Qe4+ 17. Ne3 Nf5 18. Bd3 1/2-1/2

[Event "First Saturday Tournament Budapest"]
[Site "Budapest"]
[Date "2011.05.17"]
[Round "10.6"]
[White "Xu, Fei"]
[Black "Farkas, Richard"]
[Result "1-0"]
[WhiteElo "1951"]
[BlackElo "1989"]
[PlyCount "83"]
[EventDate "2010.05.07"]

1. e4 c5 2. Nf3 e6 3. d4 cxd4 4. Nxd4 a6 5. Bd3 Nf6 6. Nc3 Qc7 7. O-O b5 8. a3
Bb7 9. Kh1 Be7 10. Be3 d6 11. f4 Nbd7 12. Qf3 Nc5 13. Bd2 Nxd3 14. cxd3 O-O 15.
Qg3 Rfe8 16. Rac1 Qd7 17. f5 e5 18. Nf3 Bf8 19. Bg5 Kh8 20. Qh4 Ng8 21. Rcd1 f6
22. Bc1 d5 23. Qh5 Red8 24. Nh4 Nh6 25. Rde1 dxe4 26. dxe4 Qf7 27. Qe2 Rd7 28.
g4 Qc4 29. Qg2 Be7 30. g5 fxg5 31. Nf3 Nf7 32. Nxg5 Nxg5 33. Bxg5 Bf6 34. Rf3
a5 35. Bxf6 gxf6 36. Rg3 Bc6 37. b3 Qc5 38. Rg1 Qf8 39. Nd1 Rad8 40. Nf2 Rd2
41. Rh3 Rxf2 42. Rxh7+ 1-0

[Event "First Saturday Tournament Budapest"]
[Site "Budapest"]
[Date "2011.05.18"]
[Round "11.1"]
[White "Farkas, Richard"]
[Black "Schuetz, Peter"]
[Result "1/2-1/2"]
[WhiteElo "1989"]
[BlackElo "1925"]
[PlyCount "59"]
[EventDate "2010.05.07"]

1. e4 e5 2. Nf3 Nc6 3. Bb5 Nd4 4. Nxd4 exd4 5. O-O c6 6. Bc4 Nf6 7. Re1 d6 8.
c3 dxc3 9. bxc3 Be7 10. f3 O-O 11. d4 b5 12. Bd3 Re8 13. h3 Qb6 14. Be3 a5 15.
Bf2 Nh5 16. Qc1 Qd8 17. f4 Bh4 18. Qe3 Bxf2+ 19. Qxf2 f5 20. Nd2 fxe4 21. Rxe4
Rxe4 22. Bxe4 d5 23. Bd3 Qd6 24. Rf1 Bd7 25. g4 Nf6 26. f5 Qa3 27. Nb1 Qd6 28.
Nd2 Qa3 29. Nb1 Qd6 30. Nd2 1/2-1/2

[Event "First Saturday Tournament Budapest"]
[Site "Budapest"]
[Date "2011.05.18"]
[Round "11.2"]
[White "Darazs, Zoltan"]
[Black "Xu, Fei"]
[Result "1/2-1/2"]
[WhiteElo "2203"]
[BlackElo "1951"]
[PlyCount "21"]
[EventDate "2010.05.07"]

1. e4 c5 2. Nf3 d6 3. d4 cxd4 4. Nxd4 Nf6 5. Nc3 a6 6. Bg5 e6 7. f4 Qb6 8. Qd2
Nc6 9. O-O-O Nxd4 10. Qxd4 Qxd4 11. Rxd4 1/2-1/2

[Event "First Saturday Tournament Budapest"]
[Site "Budapest"]
[Date "2011.05.18"]
[Round "11.3"]
[White "Havaskori, Laszlo"]
[Black "Chen, Yang"]
[Result "1-0"]
[WhiteElo "2084"]
[BlackElo "2081"]
[PlyCount "55"]
[EventDate "2010.05.07"]

1. d4 d5 2. Nf3 Nf6 3. Bf4 c5 4. e3 e6 5. c3 Nc6 6. Nbd2 Nh5 7. Bg3 Nxg3 8.
hxg3 b6 9. Bb5 Bd7 10. a4 Bd6 11. Qe2 Qe7 12. e4 cxd4 13. Bxc6 Bxc6 14. Nxd4
Bb7 15. e5 Bc7 16. f4 g6 17. N2f3 Kf8 18. g4 h6 19. g5 Kg7 20. gxh6+ Rxh6 21.
Rxh6 Kxh6 22. Kf2 Kg7 23. Rh1 a5 24. Ng5 Rh8 25. Rxh8 Kxh8 26. Qg4 f5 27. exf6
Qxf6 28. Qh4+ 1-0

[Event "First Saturday Tournament Budapest"]
[Site "Budapest"]
[Date "2011.05.18"]
[Round "11.4"]
[White "Bodi, Tibor"]
[Black "Kantor, Reka"]
[Result "1/2-1/2"]
[WhiteElo "2053"]
[BlackElo "1947"]
[PlyCount "33"]
[EventDate "2010.05.07"]

1. e4 e5 2. Nf3 Nc6 3. Bb5 a6 4. Bxc6 dxc6 5. O-O Bg4 6. h3 h5 7. d3 Qf6 8.
Nbd2 Ne7 9. Re1 Ng6 10. d4 Bd6 11. dxe5 Nxe5 12. Qe2 Bxf3 13. Nxf3 Nxf3+ 14.
Qxf3 Qxf3 15. gxf3 O-O 16. Be3 Be5 17. c3 {after 37 move} 1/2-1/2

[Event "First Saturday Tournament Budapest"]
[Site "Budapest"]
[Date "2011.05.18"]
[Round "11.5"]
[White "Lakovic, Igor"]
[Black "Szalontay, Mihaly"]
[Result "0-1"]
[WhiteElo "1965"]
[BlackElo "2000"]
[PlyCount "81"]
[EventDate "2010.05.07"]

1. e4 d6 2. d4 Nf6 3. Nc3 g6 4. Be3 c6 5. h3 b5 6. Bd3 Nbd7 7. f4 Nb6 8. Qf3 b4
9. Nd1 Bb7 10. Ne2 Bg7 11. O-O O-O 12. Nf2 Qc7 13. c3 bxc3 14. bxc3 e5 15. fxe5
dxe5 16. Bg5 Nfd7 17. Ng4 f6 18. Nh6+ Kh8 19. Be3 Rae8 20. Qg3 Qd8 21. Qh4 Qe7
22. Ng4 f5 23. Bg5 Qe6 24. exf5 gxf5 25. Bh6 e4 26. Bxg7+ Kxg7 27. Nf4 Qe7 28.
Qh6+ Kg8 29. Rae1 c5 30. Re3 fxg4 31. Rg3 Nf6 32. Bb5 Rc8 33. hxg4 Nfd5 34. Ne6
Rxf1+ 35. Bxf1 Rc6 36. g5 Rxe6 37. g6 Rxg6 38. Rxg6+ hxg6 39. Qxg6+ Kh8 40.
Qh6+ Kg8 41. Qg5+ 0-1

[Event "First Saturday Tournament Budapest"]
[Site "Budapest"]
[Date "2011.05.18"]
[Round "11.6"]
[White "Kiss, Peter"]
[Black "Juracsik, Jozsef"]
[Result "1/2-1/2"]
[WhiteElo "1956"]
[BlackElo "2133"]
[PlyCount "29"]
[EventDate "2010.05.07"]

1. e4 c5 2. c3 d6 3. d4 Nf6 4. dxc5 Nc6 5. Qc2 dxc5 6. Bb5 Bd7 7. Nf3 a6 8. Be2
e5 9. O-O Be7 10. Bg5 O-O 11. Rd1 Qc7 12. Nbd2 b5 13. Nf1 h6 14. Bh4 Be6 15.
Rd2 1/2-1/2